| 000 | 00615pab a2200193 454500 | ||
|---|---|---|---|
| 008 | 180718b2008 xxu||||| |||| 00| 0 eng d | ||
| 100 | _aSingh, Ruchi | ||
| 245 | _aA comparative study of social support and family environment on stress management amongst public and private sector executives | ||
| 260 | _c2008 | ||
| 300 | _a2(1), Jan 2009,p.12-17. | ||
| 362 | _aJul | ||
| 650 | _aManagers | ||
| 650 | _aPrivate sector | ||
| 650 | _aPublic sector | ||
| 650 | _aOccupational diseases | ||
| 700 | _aSrivastava, Anjali | ||
| 773 | _aPrestige International Journal of Management and Research | ||
| 909 | _a85581 | ||
| 999 |
_c85581 _d85581 |
||